รวมประกาศ ระเบียบ และคำสั่ง ที่ได้มี และกำหนดขึ้นโดยใช้อำนาจตาม พระราชบัญญัติอ้อยและน้ำตาลทราย พ.ศ.2527 (ฉบับที่ 5) (มกราคม-ธันวาคม 2530) (ระเบียนเลขที่ 17677)
| 000 -LEADER | |
|---|---|
| fixed length control field | 01858nam a22002657a 4500 |
| 005 - DATE AND TIME OF LATEST TRANSACTION | |
| control field | 20251125232859.0 |
| 008 - FIXED-LENGTH DATA ELEMENTS--GENERAL INFORMATION | |
| fixed length control field | s2531 th tha d |
| 040 ## - CATALOGING SOURCE | |
| Original cataloging agency | NALT |
| 041 ## - LANGUAGE CODE | |
| Language code of text/sound track or separate title | tha |
| 090 ## - LOCALLY ASSIGNED LC-TYPE CALL NUMBER (OCLC); LOCAL CALL NUMBER (RLIN) | |
| Classification number (OCLC) (R) ; Classification number, CALL (RLIN) (NR) | KO90.S9 อ814ร 2531 |
| 245 10 - TITLE STATEMENT | |
| Title | รวมประกาศ ระเบียบ และคำสั่ง ที่ได้มี และกำหนดขึ้นโดยใช้อำนาจตาม พระราชบัญญัติอ้อยและน้ำตาลทราย พ.ศ.2527 (ฉบับที่ 5) (มกราคม-ธันวาคม 2530) |
| 260 3# - PUBLICATION, DISTRIBUTION, ETC. | |
| Place of publication, distribution, etc. | กรุงเทพฯ : |
| Name of publisher, distributor, etc. | สำนักงานคณะกรรมการอ้อยและน้ำตาลทราย กระทรวงอุตสาหกรรม, |
| Date of publication, distribution, etc. | 2531 |
| 300 ## - PHYSICAL DESCRIPTION | |
| Extent | 74 หน้า ; |
| Other physical details | 29 ซม. |
| 650 04 - SUBJECT ADDED ENTRY--TOPICAL TERM | |
| Topical term or geographic name entry element | น้ำตาลทราย -- กฎหมายและระเบียบข้อบังคับ -- 2527 |
| 650 04 - SUBJECT ADDED ENTRY--TOPICAL TERM | |
| Topical term or geographic name entry element | น้ำตาลทราย (พ.ร.บ.) -- ฉบับที่ 5 -- 2527 |
| 650 04 - SUBJECT ADDED ENTRY--TOPICAL TERM | |
| Topical term or geographic name entry element | อ้อย -- กฎหมายและระเบียบข้อบังคับ -- 2527 |
| 650 04 - SUBJECT ADDED ENTRY--TOPICAL TERM | |
| Topical term or geographic name entry element | อ้อย (พ.ร.บ.) -- ฉบับที่ 5 -- 2527 |
| 650 04 - SUBJECT ADDED ENTRY--TOPICAL TERM | |
| Topical term or geographic name entry element | อ้อยและน้ำตาล (พ.ร.บ.) -- ฉบับที่ 5 -- 2527 |
| 650 04 - SUBJECT ADDED ENTRY--TOPICAL TERM | |
| Topical term or geographic name entry element | อ้อยและน้ำตาลทราย -- กฎหมายและระเบียบข้อบังคับ -- 2527 |
| 650 04 - SUBJECT ADDED ENTRY--TOPICAL TERM | |
| Topical term or geographic name entry element | โรงงานน้ำตาล -- กฎหมายและระเบียบข้อบังคับ |
| 850 ## - HOLDING INSTITUTION | |
| Holding institution | NALT |
| 856 40 - ELECTRONIC LOCATION AND ACCESS | |
| Uniform Resource Identifier | <a href="https://hdl.handle.net/20.500.14156/460626">https://hdl.handle.net/20.500.14156/460626</a> |
| 942 ## - ADDED ENTRY ELEMENTS (KOHA) | |
| Koha item type | Law Book |
| Source of classification or shelving scheme | Library of Congress Classification |
| 998 ## - LOCAL CONTROL INFORMATION (RLIN) | |
| -- | 25 |
| -- | นีลวัสน์ อินทรักษา |
| Withdrawn status | Lost status | Damaged status | Not for loan | Collection code | Home library | Current library | Total Checkouts | Full call number | Barcode | Date last seen | Price effective from | Koha item type |
|---|---|---|---|---|---|---|---|---|---|---|---|---|
| Law Book collection | National Assembly Library of Thailand | National Assembly Library of Thailand | KO 90.S9 อ814ร 2531 | 3961134299 | 09/06/2017 | 09/06/2017 | Law Book |
